L'alphabet des animés - Statistiques

Statistiques générales
  • Ce quiz a été pris 1 592 fois
  • Le résultat moyen est 19 sur 78
Statistiques - réponses
Lettre Description Animé % Correct
Une classe de collège a pour but d'assassiner leur professeur, un monstre tentaculaire jaune responsable de la destruction partielle de la Lune. Assassination Classroom
87%
D Un saiyan envoyé sur Terre se bat pour défendre les Terriens des extra-terrestres. Dragon Ball
79%
Un détective, après avoir été drogué, revient à l'état d'enfant, mais cela ne l'empêche pas de résoudre des crimes. Détective Conan
76%
Un jeune ninja rêvant de devenir Hokage tente de mettre un terme aux agissements de l'Akatsuki, une organisation criminelle Naruto
74%
P Un jour, peut-être, Sasha deviendra le meilleur dresseur Pokémon
74%
O Un super-héro si puissant qu'il ne suffit que d'un coup de poing pour vaincre n'importe qui One-Punch Man
73%
Le prince Lelouch cherche à faire chuter l'empire de Britania grâce à l'étrange pouvoir qui lui a été conféré par une jeune femme aux cheveux verts. Code Geass
69%
F Les frères Edouard et Alphonse partent en quête de la pierre philosophale. FullMetal Alchemist
69%
Un lycéen rêve de reprendre le restaurant de son père. Food Wars
67%
I Mark Evans, joueur de football et gardien de but, rêve de participer au Footbal Frontier Inazuma Eleven
65%
G Un ancien délinquant devient professeur d'une classe plutôt difficile à vivre. Great Teacher Onizuka
63%
K 5 joueurs de basket-ball au talent hors-normes, surnommés la génération des miracles, se séparent pour intégrer chacun un lycée différent. Kuroko no Basket
61%
Une aventure signée Joeystar Jojo's Bizarre Adventure
59%
N Elizabeth, la princesse du royaume, rencontre un patron de bar qui se trouve être le leader d'un groupe de guerriers dont les pouvoirs sont basés sur les pêchés capitaux Nanatsu no Taizai
55%
S Le jeune Kazuto est prisonnier d'un jeu vidéo en réalité virtuelle. Seul moyen de sortir : vaincre les 100 boss composant l'Aincrad Sword Art Online
53%
Un lycéen fan de natation rejoint le club de natation de son lycée pour retrouver ses anciens amis. Free!
47%
Une enfant, après avoir découvert un robot humanoïde, décide de descendre dans l'Abyss afin de retrouver sa mère disparue depuis des années Made in Abyss
45%
Les morts ne peuvent boire que du café Tokyo Ghoul
44%
Une race extra-terrestre envahit la Terre. Ces extra-terrestres prennent possession des humains en s'introduisant en eux par leurs oreilles. Un jeune lycéen y échappe, parce qu'il dormait avec ses écouteurs Parasyte
43%
Toute une histoire de vikings Vinland Saga
43%
A Un combattant rejoint les forces du Night Raid afin de se battre contre un empire corrompu Akame ga Kill
40%
H Un groupe de lycéens tente de survivre à une apocalypse zombie. High School of the Dead
36%
Un dieu de la mort en survêtement ne rêve que d'une chose : avoir son propre temple Noragami
36%
Une école préparant ses étudiants à gagner aux jeux d'argent Kakegurui
35%
E Suite à la chute d'un astéroïde, des créatures, nommées Anges, attaquent la ville de Tokyo-3 Evangelion
34%
Un joueur décide de rester connecté à un jeu vidéo après la fermeture définitive des serveurs. Il devient alors un mage dont la puissance transcende la compréhension des habitants de ce monde Overlord
32%
Un jeune homme revient à la vie à chaque fois qu'il est assassiné, lui et une jeune fille Re:Zero
32%
Des duels de monstres enfermés dans des cartes Yu-Gi-Oh
31%
C Un jeune étudiant est capable de prendre possession de quiconque se trouvant dans son champ de vision, et ce pendant cinq secondes. Charlotte
29%
T Une histooire d'amour entre un homme au visage de déliquant et d'une fille de petite taille plus agressive qu'une tigresse Toradora
26%
M Une bataille royale entre 13 détenteurs de journaux dotés de différents pouvoirs. Le vainqueur gagnera le droit de devenir le dieu de ce monde Mirai Nikki
25%
Des chasseurs de prime dans l'espace. Cowboy Bebop
23%
Une lycéenne reçoit une lettre écrite par elle-même, 10 ans plus tard Orange
23%
Un lycéen travaillant dans une station service est introduit dans le monde des courses de rue, alors qu'il ne connaît rien aux voitures Initial D
20%
Un jeu vidéo ne disposant que d'un type d'armes : les bombes Btooom!
19%
R Un homme de 27 ans, après avoir ingéré une pilule, redevient un adolescent de 17 ans Relife
17%
Un club de littérature tente de résoudre différentes enquêtes. Hyouka
14%
30 000 joueurs sont entraînés, depuis leurs vies quotidiennes, dans un MMORPG : Elder Tale. Log Horizon
13%
Un homme tombe amoureux d'une Giftia, un robot ressemblant trait pour trait à une humaine. Seulement, les Giftias ont une durée de vie très limitée Plastic Memories
13%
V L'académie Cross est une école dans laquelle humains et vampires vivent en cohabitation Vampire Knight
13%
Un bébé tueur en série travaillant pour la mafia Reborn
12%
Une agence est employée afin d'éliminer une menace très particulière : un vampire transformant les habitants en goules Hellsing
11%
Une jeune fille, en tombant dans un puit à cause d'un démon, se retrouve à l'époque Sengoku InuYasha
9%
Un cyborg féminin de la "section 9" traque le criminel nommé "le Marionnettiste". Ghost in the Shell
7%
Un adolescent, pourvu des yeux divins qu'il a obtenu au détriment de la vue de sa soeur handicapée, cherche des réponses sur ses pouvoirs dans la ville de Hellsalem's lot Kekkai Sensen
7%
Un héro s'inscrit dans une académie dont les armes, appelées Blaze, se manifestent sous forme d'épées. Toutefois, la Blaze du héro est un bouclier. Absolute Duo
5%
Des poupées pouvant lire dans l'esprit des hommes Violet Evergarden
5%
B Toute une affaire de déraillement de train. Baccano
4%
Un jeune homme est envoyé par son père sur une île pour avoir frapper un conservateur de musée. Barakamon
4%
Deux amis meurent écrasés par un train en tentant de sauver un SDF ivre tombé sur les rails. Gantz
4%
Y Une jeune fille aux commandes de l'armée Youjo Senki
4%
Z Le Japon est ravagé par un attentat contre une installation nucléaire Zankyou no Terror
4%
Louise la Zéro est une sorcière incapable d'utiliser correctement la magie Zero no Tsukaima
4%
L Quatre lycéennes chantent échangent de tout, notamment de la culture otaku et des traditions japonaises Lucky Star
3%
Tokyo ravagées par des tremblements de terre Tokyo Magnitude 8.0
3%
Une jeune fille otaku pense, après avoir collectionné les jeux vidéo de séduction, qu'elle est prête à affronter sa nouvelle vie au lycée Watamote
3%
Un jeune homme souhaitant faire carrière dans la pop suédoise se retrouve chanteur d'un groupe de death metal Detroit Metal City
2%
10 missiles frappent la Japon sans faire la moindre victime. Pendant ce temps, le jeune Akira Takizawa reçoit 8,2 milliard de yens. Eden of the East
2%
J Tous les soirs, à minuit sonnant, il est possible d'accéder à un site Internet appelé « Le Courrier des Enfers ». Quiconque désire se venger de quelqu'un peut écrire le nom de son ennemi sur ce site. Jigoku Shoujo
2%
Afin de sauver son lycée, dont le nombre d'élèves est en forte baisse, de la fermeture, une lycéenne décide de créer une groupe d'idoles Love Live ! School Idol Project
2%
Un club formé de cinq lycéens, après avoir crée un animé amateur, se met en tête de faire carrière dans l'animation Shirobako
2%
X Une femme propose à un homme de le débarasser de sa capacité à voir les esprits xxxHOLIC
2%
Une jeune femme rejoint une organisation du nom de ACROSS dont le chef est le grand Ilpalazzo et dont le but est de conquérir le monde. Excel Saga
1%
Cinq filles racontent chaque jour ce qui leur est arrivé le jour-même Joshiraku
1%
Le "Vendeur de médicaments", un maître de l'occulte, parcourt le Japon féodal afin de chasser les démons malveillants Mononoke
1%
Une reine, après avoir pris le pouvoir, instaure l'oppression et les persécutions hérétiques Queen's Blade
1%
Unn ancien lycée privé réservé aux jeunes filles devient publique, mais Takatoshi Tsuda est le premier homme à y entrer Seitokai Yakuindomo
1%
U Deux frères rêvent de devenir astronautes Uchuu Kyoudai
1%
Un trentenaire, après être retourné dans la maison de feu son grand-père afin de lui rendre hommage, rencontre la fille illégitime de ce dernier Usagi Drop
1%
Un groupe d'idole essaie de s'en sortir après que leur manager se soit enfui avec l'argent de leur dernier concert Wake up, Girls
1%
W Une porte mystérieure s'ouvre sur Terre, laissant apparaître les mystérieux "voisins" World Trigger
1%
Un médium revient au Japon après 6 ans d'absence afin de protéger ses amis d'enfance X
1%
Deux jumeaux retrouvent la maison de leurs grand-parents après la mort de leurs parents dans un accident de voiture Yosuga no Sora
1%
Un frère décide de venger le meurtre de sa soeur Zetsuen no Tempest
1%
Un assassin tente d'assassiner l'empereur de Chine, mais à cause de son échec, des troupes sont envoyées afin d'assassiner son fils Qin Shi Ming Yue
0%
Q Une école ordinaire devient une école enseignant la magie ; à l'extérieur, des bêtes magiques s'attaquent aux humains Quanzhi Fashi
0%
Dans la décennie qui s'est écoulée depuis que le monde a pris conscience de l'existence de la magie, le monde a connu un bouleversement massif UQ Holder
0%
L'humanité a abandonné la Terre depuis plus de 4000 ans, et essaie de survivre Xenosaga
0%
Aucun quiz correspondant
Distribution des résultats
% des personnes avec chaque résultat
Percentile par nombre de réponses
Votre historique - résultats
Vous n’avez pas pris ce quiz